Mechanics of materials (Record no. 6027)

000 -LEADER
fixed length control field 00600nam a2200229 i 4500
001 - CONTROL NUMBER
control field 6027
003 - CONTROL NUMBER IDENTIFIER
control field BD-DhUET
008 - FIXED-LENGTH DATA ELEMENTS--GENERAL INFORMATION
fixed length control field 770505s1978 nyua 001 0 eng
040 ## - CATALOGING SOURCE
Original cataloging agency DLC
Transcribing agency DLC
Modifying agency BD-DhUET
082 00 - DEWEY DECIMAL CLASSIFICATION NUMBER
Classification number 620.11
Item number HIG/1978
100 ## - MAIN ENTRY--PERSONAL NAME
Personal name Higdon, Archie
245 00 - TITLE STATEMENT
Title Mechanics of materials
250 ## - EDITION STATEMENT
Edition statement 3rd ed.
260 ## - PUBLICATION, DISTRIBUTION, ETC. (IMPRINT)
Place of publication, distribution, etc. New York
Name of publisher, distributor, etc. John Wiley and Sons
Date of publication, distribution, etc. 1978
300 ## - PHYSICAL DESCRIPTION
Extent xiv, 752 p.
Other physical details ill.
Dimensions 24 cm.
504 ## - BIBLIOGRAPHY, ETC. NOTE
Bibliography, etc Includes bibliographies
650 #0 - SUBJECT ADDED ENTRY--TOPICAL TERM
Topical term or geographic name as entry element Strength of materials
700 ## - ADDED ENTRY--PERSONAL NAME
Personal name Ohlsen, Wdward H.
700 ## - ADDED ENTRY--PERSONAL NAME
Personal name Stiles , William B.
700 ## - ADDED ENTRY--PERSONAL NAME
Personal name Weese, John A.
942 ## - ADDED ENTRY ELEMENTS (KOHA)
Koha item type General Book
Holdings
Withdrawn status Shelving location Damaged status Koha date last seen Koha renewals Copy number Price effective from Location (home branch) Koha full call number Piece designation (barcode) Date acquired Koha normalized classification for sorting Koha collection Koha item type Lost status Source of classification or shelving scheme Koha date last borrowed Sublocation or collection (holding branch) Koha issues (times borrowed) Not for loan
 Circulation section 2014-11-29 72014-11-29Central Library, BUET620.11/HIG/1978617312014-11-29620_110000000000000_HIG_1978 General Book   Central Library, BUET  
 Circulation section 2014-12-02 22014-12-02Central Library, BUET620.11/HIG/1978617252014-12-02620_110000000000000_HIG_1978 General Book   Central Library, BUET  
 Circulation section 2014-12-02 32014-12-02Central Library, BUET620.11/HIG/1978617332014-12-02620_110000000000000_HIG_1978 General Book   Central Library, BUET  
 Circulation section 2024-02-13142014-12-02Central Library, BUET620.11/HIG/1978617272014-12-02620_000000000000000_11HIG1978 General Book  2019-02-27Central Library, BUET1 
 Circulation section 2014-12-02 52014-12-02Central Library, BUET620.11/HIG/1978617262014-12-02620_110000000000000_HIG_1978 General Book   Central Library, BUET  
 Circulation section 2014-12-02 62014-12-02Central Library, BUET620.11/HIG/1978617282014-12-02620_000000000000000_11HIG1978 General Book   Central Library, BUET  
 Circulation section 2014-12-02 12014-12-02Central Library, BUET620.11/HIG/1978617302014-12-02620_000000000000000_11HIG1978 General Book   Central Library, BUET  
 Circulation section 2014-12-02 82014-12-02Central Library, BUET620.11/HIG/1978617322014-12-02620_000000000000000_11HIG1978 General Book   Central Library, BUET  
 Circulation section 2015-01-10 92015-01-10Central Library, BUET620.11/HIG/1978617292015-01-10620_110000000000000_HIG_1978 General Book   Central Library, BUET  
 Circulation section 2015-01-28 102015-01-28Central Library, BUET620.11/HIG/1978617342015-01-28620_110000000000000_HIG_1978Non FictionGeneral Book   Central Library, BUET